[Event "Lost Boys Schaaktoernooi"]
[Site "?"]
[Date "2001.08.11"]
[Round "2"]
[White "Nep, Ron"]
[Black "Witt, Rob"]
[Result "0-1"]
[WhiteElo "2424"]
[BlackElo "2280"]
[Annotator "Witt"]
[PlyCount "82"]

1. d4 d5 2. Nf3 e6 $1 {Goed dat ik deze volgorde speelde want na} (2... Nf6 3.
c4 dxc4 {zou Nep het gevaarlijke systeem met} 4. Nc3 {gespeeld hebb en. Sinds
mijn uiterst boeiende partij tegen Langeweg, NK 1982, heb ik me daar nooit
meer op ingelaten.}) 3. c4 dxc4 4. e4 $6 {Ai, dit staat weliswaar als minder
goed bekend maar ik heb het nooit bekeken. Ik herinnerde me dat Van den Doel
dit in het afgelopen NK tegen zich kreeg en overtuigend won, maar ik kon me
niets meer van herinneren terwijl ik die partij toch een week geleden nog had
bekeken.} b5 5. a4 c6 6. Be2 ({Tegen Van den Doel volgde} 6. axb5 cxb5 7. b3
Nf6 8. e5 Ne4 $1 9. bxc4 Bb4+) 6... Bb7 ({De theorie gaat verder met} 6... Nf6
7. Bg5 Qb6 8. Nbd2 {Ik wilde liever eerst mijn damevleugel waterproof maken.})
7. O-O a6 8. b3 cxb3 9. Qxb3 b4 $5 {Fritz geeft de voorkeur aan Pf6 of Pd7,
maar ik vind zo'n gedekte vrijpion (als wit a5 toelaat) wel zo prettig.} 10. a5
{Wit verhindert dit, maar het is de vraag of dat wel zo goed is.} Nf6 11. Nbd2
Nbd7 12. e5 Nd5 13. Ne4 Qc7 {Hier zijn diverse alternatieven mogelijk maar
voor mij ging de keus alleen tussen Dc7 en Db8. Beide zetten hebben hun voor-
en nadelen. Ik koos voor de tekstzet omdat daarmee pion a5 onder schot blijft.}
14. Bg5 {Hier trok Nep een half uurtje voor uit.} ({Hij had zich vooral
beziggehouden met} 14. Nfg5 h6 {is dat wel de beste?} 15. Qh3 Be7 {en nu
ergens een paard offeren.}) 14... h6 {Ook ik had hier een half uurtje voor
nodig, met name omdat je altijd een beetje je concentratie verliest als de
tegenstander lang nadenkt. Daarnaast is de stelling ook bijzonder ingewikkeld.
Ik wil voortdurend ergens c6-c5 spelen maar de juiste timing is moeilijk.} 15.
Bh4 g5 {Dit leek me misschien niet de beste maar wel de veiligste methode.
Toch was nu waarschijnlijk het juiste moment aangebroken voor} (15... c5 $5 {
Wit heeft nu diverse mogelijkheden. Ik herinner me dat ik de volgende variant
zag} 16. Rfc1 (16. Bg3 cxd4 17. Nxd4 Nc5 $1) 16... Nf4 17. Qe3 Nxe2+ 18. Qxe2
Bxe4 19. Qxe4 Rb8 {met goed spel voor zwart. Maar wellicht kan wit ergens
beter spelen.}) ({Ook eerst} 15... Nf4 16. Bc4 {en nu pas} c5 {was een
interessante mogelijkheid.}) 16. Bg3 Be7 17. h4 {Beter was mijns inziens} (17.
Rfc1) 17... Rg8 ({Natuurlijk niet} 17... g4 {want wit wil Pf3 toch omspelen
naar c4. En de open h-lijn kan zwart nog van pas komen.}) ({Desondanks was} 
17... c5 {waarschijnlijk sterker.} 18. hxg5 hxg5 19. Nfxg5 $2 Bxg5 $1 20. Nxg5
cxd4 21. Ne4 Nc5 $19) 18. hxg5 hxg5 19. Nfd2 Kf8 $5 20. Nc4 c5 $1 {Eindelijk!}
21. Ncd6 Bxd6 $1 22. Nxd6 Nc3 {Ik was ervan overtuigd dat ik hier gewonnen
stond maar wit heeft praktische kansen.} 23. Bg4 Bd5 24. Qc2 Rg7 $1 {sterker
dan Th8 omdat wit de f-lijn gaat openen.} 25. f4 cxd4 $1 26. fxg5 (26. f5 Nc5 {
is niet gevaarlijk.}) 26... Nc5 (26... b3 $1 {was nog sterker geweest.}) 27.
Nxf7 {Met een klap uitgevoerd, maar ik had het zien aankomen.} d3 ({De
bedoeling was natuurlijk} 27... Rxf7 $2 28. Qh7 $1 {en wint.}) 28. Nd6+ Ke7 $2
{Ik had eigenlijk gerekend op 28.Ph6+ waarna ik naar de e-lijn moet. Nu, met
het paard op d6 is g8 natuurlijk veel veiliger. Hier speelde ook een rol dat
ik extreme tijdnood wilde vermijden. Ik had hier nog 14'en wit nog 6' voor de
resterende 12 zetten.} ({Na} 28... Kg8 $1 {zie ik niet hoe wit nog serieuze
dreigingen kan creeren.}) 29. Qf2 Rag8 $6 {A tempo gespeeld maar veel beter was
} (29... Kd7 {bijv.} 30. Qd4 (30. Qf7+ Rxf7 (30... Kc6 $6 31. Qf4 Rb8 32. Bf2 {
is misschien minder duidelijk.}) 31. Rxf7+ Kc6 32. Rxc7+ Kxc7 33. Rf1 b3 {
wint gemakkelijk voor zwart.}) 30... Rb8 $19 {Daarom was Tag8 fout. De toren
staat nuttiger op b8 en bovendien haalt Kd7 penningen met Lh4 uit de stelling
als zwart een keer op g5 wil slaan.}) 30. Qd4 Ne2+ $4 {Vreselijk! Mijn blik
wordt toch vertroebeld door wit's tijdnood. Hij had hier nog 2'en ik 12'.} ({
Gewoon toegeven dat de vorige zet fout was, met} 30... Rb8 {was wel zo simpel.
Ook}) (30... Nb3 31. Qxb4 Kd7 {ziet er zeer goed uit.}) 31. Bxe2 dxe2 $2 {
We hebben hier beiden niks in de gaten.} ({Ook} 31... Nb3 32. Qxd3 Nxa1 33.
Rxa1 {helpt niet.}) 32. Rfe1 $4 (32. Rfc1 $1 {wint gewoon een stuk. We zagen
dit overigens pas na de partij.}) 32... Rxg5 $2 {In mijn drang om onverwachte
zetten te doen ga ik veel te ver. Dat moet je alleen doen als je slecht staat
maar ik sta hier gewonnen na het voor de hand liggende} (32... Nb3 33. Qxb4 Kd7
34. Qa4+ Qc6 35. Qxc6+ Kxc6) 33. Bh4 Kd7 34. Bxg5 Rxg5 35. Rxe2 Nb3 {Wit heeft
hier nog 30 sec, zwart nog 4 minuten.} 36. Qf4 Qc5+ 37. Kh2 $2 (37. Kf1 $1 {
niet gezien in de partij.} Rxe5 (37... Rg7 38. Qf8 $1) 38. Qxe5 Nxa1 39. Ne4
$18) 37... Rh5+ 38. Kg3 Rh7 (38... Rxe5 $2 39. Qxe5 Nxa1 40. Ne4) 39. Rae1 (39.
Qf8 $1 Re7 40. Rf1 Nxa5 $16) 39... Nd4 40. Re3 $2 {Zoals zo vaak is de laatste
zet voor de tijdcontrole een blunder.} (40. Rd2 {is gelijk spel.}) 40... Qc2 $1
{Hier ging ik naar buiten om een shaggie te roken en tot rust te komen. Ik
wist absoluut niet wat er in tijdnood gebeurd was. Waarschijnlijk stond ik nu
weer gewonnen maar die gedachte verzweeg ik voor mijn clubgenoten.} 41. Rg1 {
Er is inderdaad geen verdediging meer voor wit.} Rg7+ {En wit gaf
tegelijkertijd op.} 0-1

[Event "LOSTBOYS 2001"]
[Site "Amsterdam"]
[Date "2001.08.14"]
[Round "5"]
[White "Witt, Rob"]
[Black "Van Beek, Lucien"]
[Result "1/2-1/2"]
[WhiteElo "2280"]
[BlackElo "2369"]
[Annotator "Witt"]
[PlyCount "31"]

{De 75 zetten tegen Ikonnikov in de 4e ronde wil ik de lezer niet aandoen.
Echte fanatici kunnen dit vinden op de lostboyssite. En deze partij geef ik
alleen maar om te laten zien hoe indrukwekkend Kramnik zo'n opening behandelt.
} 1. Nf3 Nf6 2. c4 e6 3. Nc3 d5 4. d4 Be7 5. Bf4 O-O 6. e3 c5 7. dxc5 Bxc5 8.
cxd5 Nxd5 9. Nxd5 exd5 10. a3 Nc6 11. Bd3 Be7 ({Hier wordt vrijwel uitsluitend
} 11... Bb6 {gespeeld. Daar was mijn hele voorbereiding ook op afgestemd.
Lange tijd dacht men dat zwart na} 12. O-O d4 {meteen gelijk spel had, maar
tegenwoordig is dat twijfelachtig en is men overgestapt op 12....Lg4.}) 12. Qc2
$2 {Na lang nadenken gespeeld. Ik kon echt niks tastbaars vinden. Laten we
zien hoe Kramnik dit aanpakte in zijn partij tegen Short, Wijk aan Zee 2000:} (
12. O-O Bf6 13. Qb3 {bemoeilijkt de ontwikkeling van de zwarte loper.} Qb6 14.
Qxd5 $1 Rd8 (14... Qxb2 $2 15. Rab1 Qc3 16. Rfc1 Qxa3 17. Bxh7+ Kxh7 18. Bd6)
15. Qe4 g6 {Wat nu?} 16. Bg5 $1 Qxb2 17. Bc4 $1 Kg7 18. Qh4 h5 19. Bxf7 $1 Bxg5
(19... Kxf7 20. Rab1 Qc3 21. Rfc1 $18) 20. Nxg5 Qf6 21. e4 {en Short werd
weggevaagd. Zeer indrukwekkend.}) 12... h6 13. Rd1 Bf6 {Natuurlijk. Mijn enige
pointe was dat na} (13... Qa5+ 14. Qd2 Qxd2+ 15. Rxd2 Bf6 16. O-O Bg4 17. Be2 {
wit misschien een fractie beter staat.}) 14. O-O Qb6 15. b4 {Ik heb niet eens
nagedacht over} (15. Bh7+ Kh8 16. Rxd5 Be6 17. Rd2 Rac8 18. Qb1 {Misschien is
dit toch wel de moeite waard. Ik zag echter niks door pure vermoeidheid en
besloot zo gauw mogelijk remise aan te bieden.}) 15... Bg4 16. b5 {Niet zo'n
beste waarschijnlijk, maar zwart nam het remiseaanbod gelukkig aan.} 1/2-1/2

[Event "LOSTBOYS 2001"]
[Site "Amsterdam"]
[Date "2001.08.17"]
[Round "7"]
[White "Grooten, HCA."]
[Black "Witt, R."]
[Result "1-0"]
[WhiteElo "2347"]
[BlackElo "2219"]
[Annotator "Witt"]
[PlyCount "57"]

1. d4 d5 2. c4 Nc6 {Misschien is de Chigorin zo'n opening die me geen geluk
brengt. De eerste was tegen Ruud Janssen. Een partij die ik perse moest winnen
maar die remise werd zonder ook maar een schim van een winstkans. De 2e was
voor de beker tegen Utrecht. Ik kwam beter uit de opening, maakte een fout en
werd vernietigd. Nu in deze 3e Chigorin sta ik ook na 20 zetten verloren, maar
was dat terecht?} 3. cxd5 Qxd5 4. e3 e5 5. Nc3 Bb4 6. Bd2 Bxc3 7. bxc3 {
Zo had hij ook tegen Paul Janse gespeeld, dus ik had het voorbereid. Eerlijk
gezegd vind ik 7.Lxc3 gevaarlijker, maar dat is puur gevoelsmatig.} Qd6 ({
Paul speelde het vrij ongebruikelijke} 7... Nge7 8. c4 Qd6 {en nu speelde
Grooten het matige} 9. Bc3 ({Normaal is} 9. d5 Nb8 {en nu staat wit volgens
Grooten beter na} 10. Qa4+ {Ik had thuis de zelfde conclusie getrokken en iets
anders voorbereid.})) 8. Bd3 Nge7 9. Qb1 $5 {Snel gespeeld en ik begreep dat
Grooten dit nieuwe idee niet voor het bord bedacht had. Zwart wil zich het
liefst zo snel mogemelijk ontwikkelen met de zetten 0-0; b6 (tegen Db1 gericht
met dubbele aanval op b7 en h7); Le6; en Tad8. De tekstzet gooit wat zand in
de machine.} b6 {Grooten had al ervaring met h6.} 10. Ne2 f5 11. f3 O-O 12. O-O
Be6 13. Be1 {De standaardmanoeuvre in dit systeem. De loper gaat in principe
naar f2 om de opmars e3-e4 voor te bereiden. Ook is soms Lh4 lastig als zwart
dit niet verhinderd heeft.} h6 {Op het voor de hand liggend 13....Tad8 is 14.
Lh4 vervelend. Ik kende een partij met de dame op c1 waar zwart vervolge met} (
13... Ng6 {We hebben hier in de analyse zeer lang naar gekeken. De enige
aanslag is} 14. h4 $5 Na5 ({Nu is} 14... h5 $6 15. g4 {zeer gevaarlijk. Onze
conclusie was goed voor wit.}) 15. h5 Ne7 16. Bg3 {is ook interessant. Er zijn
ook andere mogelijkheden. Ik denk dat zwart het van Pg6 moet hebben.}) 14. Bf2
Rad8 15. Qc2 {De stelling is positioneel erg ingewikkeld Na lang nadenken, o.a.
over exd4 omdat wit niet met de c-pion kan terugnemen, kies ik misschien het
verkeerde plan.} Na5 16. c4 c5 17. d5 Bd7 18. Be1 $2 {Een bekend voorbeeld van
slechte zetten die goed worden als je ze niet goed beantwoord. Ik kom snel
verloren te staan omdat wit deze loper snel naar de diagonaal a1-h8 brengt.
Moe geworden door lang gepieker over voorgaande zetten overzie ik nu dat dit
omspelen niet echt mogelijk is. Overigens was dit ons beiden ook achteraf
ontgaan, maar Fritz laat geen kansjes liggen.} Nb7 $2 {Ongeveer de eerste zet
die ik a tempo speelde.} (18... e4 $1 {is toch niet zo moeilijk te vinden als
je even nadenkt. Het motief is de tijdelijk ongedekte toren op a1.} 19. fxe4
fxe4 20. Rxf8+ (20. Bxe4 $2 Rxf1+ 21. Kxf1 Qf6+ {en Ta1 valt.}) 20... Rxf8 21.
Bxe4 Qf6 22. Bc3 Qf2+ 23. Kh1 Nxc4 24. Bxg7 Nxe3 25. Qb2 Rf7 26. Bxh6 N3f5 {
en zwart staat minstens gelijk.}) 19. a4 $6 a5 $2 {Zelfs nu zou e5-e4 kunnen
al is het minder sterk dan een zet eerder. Ook de tekstzet speelde ik a tempo.
Mijn idee was dat de zwakte op b6 met een paard op c8 gedekt kon worden. Wit
heeft op a4 ook een zwakte en ik ga hhet paard van b7 mooi op d6 zetten. Dat
zijn allemaal mooie algemene overwegingen, maar concreet varianten uitrekenen
had me geleerd dat mijn koning inmiddels groot gevaar loopt. Misschien had ik
i.p.v. a5 nog de verdediging kunnen organiseren.} 20. Bc3 {Nu pas besefte ik
wat ik had aangericht. Er is geen verdediging meer.} Nc8 21. Ng3 g6 22. Bb2 $1
Rf7 (22... Qe7 23. Qc3 Rde8 24. f4 $18) 23. Qc3 Re8 24. f4 $18 Rfe7 25. e4 Nd8
26. exf5 gxf5 27. Nxf5 Bxf5 28. Bxf5 Nf7 29. Rae1 {zou Paul Janse deze partij
hoofdschuddend nagespeeld hebben?} 1-0

[Event "LOSTBOYS 2001"]
[Site "Amsterdam"]
[Date "2001.08.18"]
[Round "8"]
[White "Witt, R."]
[Black "Helvensteijn, D."]
[Result "1-0"]
[WhiteElo "2280"]
[BlackElo "2191"]
[Annotator "Witt"]
[PlyCount "77"]

{Ik was inmiddels op -1 beland, dus deze partij moest gewonnen worden. Ook al
omdat ik in Bussum nogal kansloos van hem verloren had.} 1. d4 d5 2. c4 Nc6 3.
Nf3 Bg4 4. Bf4 e6 5. e3 Bb4+ ({Ook goed speelbaar maar minder interessant is} 
5... dxc4 6. Bxc4 Bd6) 6. Nc3 Nge7 {Zo wordt het gespeeld door Morozevich en
ik denk door Paul Janse, onze eigen specialist.} 7. Rc1 Ng6 $5 ({Ik had me
voor bereid aan de hand van een partij Van Wely-Morozevich. Daar werd eerst
gerokeerd en toen pas de volgende afruilmanoeuvre. Helvensteijn speelde dit
snel dus ongetwijfeld was dit huisvlijt.} 7... O-O 8. Bd3 Ng6) 8. h3 Bh5 $5 9.
Bh2 Nh4 10. g4 Nxf3+ 11. Qxf3 Bg6 {In bovengenoemde partij was dus al
gerokeerd en stond de witte loper op d3. Daar volgde toen Lxg6 hxg6; cxd5 exd5;
en Kf1.} 12. Qg3 {Dit haalt hem kennelijk uit zijn voorbereiding, want hij
begon hier lang na te denken.} Rc8 13. Be2 {Misschien is 13.a3 een goed
alternatief.} O-O 14. O-O {en hier ook.} f5 $2 {Het kan handig zijn om de
lichaamstaal van je tegenstander te "lezen". Meestal stond hij op na het
uitvoeren van zijn zet, maar deze keer niet. Hij keek naar de stelling alsof
hij plotseling iets zag dat hij eerder overzien had.} 15. f4 $2 {Ik had deze
zet eigenlijk al gepland en alleen nog gekeken naar Dg2 of eerst cxd5 en dan
Dg2. Erger is dat de zet positioneel gewoon niet goed is. Dat komt omdat ik
hier en later een blinde vlek heb voor de mogelijkheid Pc6-a5. Ik hield alleen
rekening met Pc6-e7. Bovendien is de beste zet niet moeilijk te vinden:} (15.
cxd5 exd5 16. Nxd5 $1 $16 {Wat kan het spel toch simpel zijn. zwart krijgt
niet voldoende compensatie voor zijn pion. Ik zei in mijn verslag al dat het
met mijn taktische kwaliteiten vaak bedroevend was gesteld. Donner zei het
vroeger al: Je moet niet moeilijk doen, gewoon goed opletten!}) 15... dxc4 $6 (
15... Na5 $1 16. c5 {Dit vond Helvensteijn vervelend, maar na} b6 $5 17. Nb1 $1
({Waarschijnlijk het enige want} 17. a3 Bxc3 18. Rxc3 bxc5 19. Rxc5 Nb3 {
ziet er goed uit voor zwart.}) 17... bxc5 18. a3 (18. dxc5 Rb8 $1 $15) 18...
Nb3 19. axb4 Nxc1 20. Rxc1 cxb4 21. Nd2 c5 $5 {En ik denk dat eerder zwart
beter staat met zijn potentiele vrije a-pion.} 22. dxc5 Qa5 23. Nb3 Qa2 $15)
16. Bxc4 Bf7 {Hier was ik wel tevreden over mijn stelling. Ik moet voorkomen
dat zwart met c7-c5 loskomt en ik moet zorgen dat mijn loper op h2 wat meer te
doen krijgt. Daarom speelde ik de volgende zet die Pc6-e7 verhindert. Opnieuw
ben ik dus blind voor Pc6-a5 en deze keer is het ernstig.} 17. Qg2 $2 ({
Beter is} 17. Rfd1 {of wellicht ook 17.a3.}) 17... Na5 $1 18. Be2 c5 $15 19. a3
Bxc3 20. Rxc3 (20. bxc3 cxd4 21. cxd4 Qd6 $17) 20... cxd4 21. Rxc8 Qxc8 22.
exd4 Rd8 23. Bg3 {Mijn enige tegenkans is om zo snel mogelijk mijn loper te
activeren.} Nb3 $1 24. Be1 $5 ({Aantrekkelijker lijkt} 24. Bh4 {maar na} Rd7 $1
{staat zwart ook goed..} (24... Rxd4 $2 25. gxf5 Rd2 26. Bf6 Qf8 27. Bc3 $14))
({Beginnen met} 24. gxf5 $2 exf5 25. Bh4 {werkt niet wegens} Rd7 $1 26. Bf6 $2
Bd5 $1 $19) 24... Nxd4 25. Bc3 e5 $5 (25... Qc5 26. Kh2 Qc7 {ziet er sterker
uit.}) 26. Rd1 $2 ({Noodzakelijk was} 26. gxf5 Bd5 27. Qg4 Qc5 28. Kh2 {
met onduidelijk spel.} Nxe2 $2 29. Bxe5 $1) 26... Qc5 ({Ook} 26... Nxe2+ 27.
Qxe2 Rxd1+ ({of} 27... Qc5+ 28. Kh2 Rxd1 29. Qxd1 Qf2+ 30. Kh1) 28. Qxd1 Qc5+
29. Kh2 Qf2+ 30. Kh1 {lijkt wit te overleven.}) 27. Kh2 Rc8 $6 (27... Qc7 $5
28. Qf2 exf4 29. Rxd4 f3+ 30. Kh1 fxe2 31. Rxd8+ Qxd8 32. Qxe2 {en opnieuw
heeft wit het overleefd.}) 28. gxf5 ({Riskant, maar ik zag dat} 28. Qf2 {
waarschijnlijk tot remise leidt na bijv.} Re8 29. Bf1 fxg4 30. hxg4 Bd5 31.
Bxd4 exd4 32. Qxd4 Qxd4 33. Rxd4 $11) 28... Bd5 29. Bxd4 exd4 30. Qf2 Re8 31.
Bh5 $1 (31. Rxd4 $2 Re4 $1 $19) 31... Re3 32. Qd2 d3 $4 {Met enige nadr uk
uitgevoerd in de veronderstelling dat dit winnend was. Noodzakelijk was} (32...
Bf7 {met remise als meest waarschijnlijke resultaat.}) 33. Rc1 Bc4 ({Het
"winnende"} 33... Re2+ {was natuurlijk de bedoeling maar het faalt op} 34. Qxe2
$1 $18) 34. Rxc4 $18 Rxh3+ 35. Kxh3 Qxc4 36. Qc3 {het simpelste in tijdnood.}
Qxc3 37. bxc3 Kf8 38. Kg3 Ke7 39. Kf3 {Weer niet goed gespeeld, wel goed
resultaat. Ik heb het al eerder gezegd: De uitslagen van mijn partijen komen
voornamelijk door toevalligheden tot stand.} 1-0

[Event "LOSTBOYS 2001"]
[Site "Amsterdam"]
[Date "2001.08.19"]
[Round "9"]
[White "Wintzer, J."]
[Black "Witt, R."]
[Result "1/2-1/2"]
[WhiteElo "2370"]
[BlackElo "2280"]
[Annotator "Witt"]
[PlyCount "39"]

{Zoals ik in mijn verslag al zei, ik begon niet erg gemotiveerd aan deze
partij.} 1. c4 c5 2. Nf3 Nc6 3. d4 ({Gebruikelijker is} 3. Nc3) 3... cxd4 4.
Nxd4 g6 5. e4 Bg7 6. Be3 Nf6 7. Nc3 d6 8. Be2 O-O 9. O-O Bd7 10. Qd2 Nxd4 11.
Bxd4 Bc6 12. Bd3 $1 ({Honderden partijen gaan verder met} 12. f3 a5 13. b3 Nd7
14. Be3 Nc5 {en zo was ik ook van plan te spelen. de tekst zet in combinatie
met wit's 14e zet vormt een zware aanslag op dit hele systeem. Op dit moment
herinnerde ik mij die partij van Grischuk uit het WK in New Delhi.}) 12... Nd7
{Ik herinnerde mij ook nog dat Grischuk in zijn commentaren zei dat loperruil
gevaarlijk was omdat wit nu gemakkelijk tot koningsaanval komt. Ik kon echter
niks anders verzinnen.} 13. Bxg7 Kxg7 14. Rae1 {Ik meen dat zwart nu nog de
standaardzet a5 speelde, even later h5 moest doen en vervolgens werd
verpletterd. Ik probeerde een andere verdediging te vinden. Ik keek in eerste
instantie naar opstellingen met een paard op f8 of een dame op g7. Het eerste
leek me niks en het tweede is moeilijk te realiseren. Ik besloot uiteindelijk
een opstelling in te nemen met een paard op f7 om veld h6 te verdedigen.} f6
15. Re3 Ne5 {Op dit moment ging mijn tegenstander lang nadenken en liep ik die
wedstrijdleider tegen het lijf die mij enthousiast kwam vertellen dat ik bij
winst een meesternorm had.} 16. Be2 $5 {dreigt iets met f4 en Lg4} e6 {
Provocerend gespeeld. Ik hoopte maar dat hij wild met f2-f4 op aanval ging
spelen.} 17. Rd1 Nf7 18. b4 b6 19. Qb2 Qc7 20. Bf1 {met remiseaanbo d. Wat
moest ik doen? Het staat ongeveer gelijk. Moet ik gaan gokken? Ik zag echter
geen enkel constructief plan. Ik merkte ook dat ik te geirriteerd was om
helder na te denken. Tenslotte nam ik het maar aan.} 1/2-1/2